01322nam a2200313 4500003000900000005001700009008004100026040004300067041000800110082002400118092000700142099003200149100002800181245006300209264003100272300002400303336002400327337002800351338004300379546002400422610004800446650005600494856005700550905001300607942001900620999001700639952017600656952017600832EG-GICUC20260121101344.0251125s1927 fr ||||fr|||| 00| 0 fre d aEG-GiCUCbfrecEG-GiCUCdEG-GiCUCeRda afre04221a341.22bR E . T04221 aLaw1 11 341.22 R E . T 19271 aRedslob, RoberteAuteur10athéorie de la société des nations /cRobert Redslob. 1aparis :bRousseau،c1927. a347 page ;c 24 cm. 2rda contenua texte 2rda mediasaOrdinateur 2 transporteur rdaa Ressource en ligne aTexte en français aSociété des Nations (League of Nations)1 aSociété des NationsxDroit international public40uhttps://fll.law.cu.edu.eg/fulltext/bks/B11-06015.pdf a75eYara 2ddcn0cBKe21 c45977d45977 00102ddc40718القانون الدولي العامaCUbLAW1d2025-11-25l0oLaw1 11 341.22 R E . T 1927 1106015 C1pB11-06015r2025-11-25 19:11:01t1w2025-11-25yBK 00102ddc40708القانون الدولي العامaCUbLAW1d2025-11-26l0oLaw1 11 341.22 R E . T 1927 1106155 C2pB11-06155r2025-11-26 13:00:54t2w2025-11-26yBK